Представление документа в формате RUSMARC

ПолеНазваниеЗначение
  Тип записи a
  Библиографический уровень m
001 Контрольный номер ce4ecd737a264814a1c6d019c406eb3b
005 Дата корректировки 20231215113125.7
010 Индекс ISBN __
a ISBN 978-5-00158-091-1
b Уточнения в пер.
d Цена 50-00
100 Данные общей обработки __
a Данные общей обработки 20230310d2019 bc y0rusy028902 ca
101 Язык документа 1_
a Язык текста rus
c Язык оригинала eng
102 Страна публикации __
a Страна публикации RU
105 Кодированные данные (монография) __
a Кодированные данные (монография) a z 000yy
181 Поле кодированных данных: вид содержания _0
a Код вида содержания (ISBD) i
181 Поле кодированных данных: вид содержания _0
a Код вида содержания (ISBD) b
182 Поле кодированных данных: тип средства _0
a Код типа средства (ISBD) n
200 Заглавие и сведения об ответственности 1_
a Заглавие Прекрасные танцовщицы
f Первые сведения об ответственности Росальба Трояно
g Последующие сведения об ответственности художник Джорджия Бросегини
g Последующие сведения об ответственности перевод с английского: Сергей Новиков
203 Вид содержания и тип средства __
a Вид содержания Текст
a Вид содержания Изображение
c Тип средства непосредственные
210 Выходные данные 1_
a Место издания Москва
c Издательство Свежий ветер
d Дата издания 2019
215 Физическое описание __
a Объем [34] с.
c Иллюстрации/тип воспроизводства цв. ил.
d Формат 25 см
225 Серия 2_
a Серия Сказочная энциклопедия
330 Аннотация __
a Аннотация Танец - удивительная страна музыки и движения. Хочешь побывать в разных уголках земного шара и узнать, какие танцы там любят? Тогда торопись! Уже слышны первые аккорды, а это значит, что наше путешествие начинается! Прекрасные танцовщицы со всего света приглашают тебя в волшебный мир танца. В книге есть клапаны, разворачивающиеся в панорамные картинки.
606 Тематические рубрики __
a Основная рубрика Музыка и зрелищные искусства
2 Код системы nlr_sh
606 Тематические рубрики __
a Основная рубрика Виды танца в целом
2 Код системы nlr_sh
610 Ключевые слова 0_
a Ключевые слова танцы
610 Ключевые слова 0_
a Ключевые слова детская литература
610 Ключевые слова 0_
a Ключевые слова познавательная литература
610 Ключевые слова 0_
a Ключевые слова народные танцы
610 Ключевые слова 0_
a Ключевые слова вальс
610 Ключевые слова 0_
a Ключевые слова самба
610 Ключевые слова 0_
a Ключевые слова танго
610 Ключевые слова 0_
a Ключевые слова фламенко
610 Ключевые слова 0_
a Ключевые слова хип-хоп
610 Ключевые слова 0_
a Ключевые слова вальс
610 Ключевые слова 0_
a Ключевые слова танец живота
610 Ключевые слова 0_
a Ключевые слова балет
610 Ключевые слова 0_
a Ключевые слова чардаш
610 Ключевые слова 0_
a Ключевые слова канкан
686 Индексы других классификаций __
2 Код системы rubbks
a Классификационный индекс мл85я2
700 Автор _1
a Фамилия Трояно
b Имя Р.
g Полное личное имя Росальба
4 Код отношения 070
702 Вторичная интеллектуальная ответственность _1
a Фамилия Бросегини
b Имя Д.
4 Код отношения 440
g Полное личное имя Джорджия
702 Вторичная интеллектуальная ответственность _1
a Фамилия Новиков
b Имя С.
g Полное личное имя Сергей
4 Код отношения 730
801 Источник записи _0
a Страна RU
b Организация Муниципальное бюджетное учреждение культуры "Централизованная библиотечная система" г. Сургут (Центральная городская библиотека им. А. С. Пушкина)
c Дата составления 20230310
g Правила каталогизации PSBO
801 Источник записи _1
a Страна RU
b Организация Муниципальное бюджетное учреждение культуры "Централизованная библиотечная система" г. Сургут (Центральная городская библиотека им. А. С. Пушкина)
c Дата составления 20230310
g Правила каталогизации PSBO
852 Данные о местонахождении __
j Шифр хранения мл85я2
i Авторский знак Т 76
900 Макрообъекты __
a Макрообъекты Прекрасные танцовщицы. Трояно Р., 2019
901 Тип документа __
t Тип документа m
a Ответственный ООФиК/Волкова
903 Характеристики (МАРС) __
a Дата передачи 20230310
c Наименование библиотеки (МАРС) Муниципальное бюджетное учреждение культуры "Централизованная библиотечная система" г. Сургут (Центральная городская библиотека им. А. С. Пушкина)
969 Тип издания __
a Тип издания брошюра
a Тип издания издание для детей
a Тип издания книжка-картинка
a Тип издания энциклопедия
990 Данные о заказе (DOS) __
j Количество экземпляров (DOS) 1
t N записи в КСУ для И/У (DOS) 202304